Every Song by the Click Five - Statistics

General Stats
  • This quiz has been taken 2 times
  • The average score is 5 of 39
Answer Stats
Album Song % Correct
Greetings from Imrie House(2005) Good Day
100%
Greetings from Imrie House(2005) Catch Your Wave
50%
TCV(Bonus)(2010) Dancin' After Midnight
50%
Modern Minds and Pastimes(2007) Empty
50%
Modern Minds and Pastimes(2007) Flipside
50%
Modern Minds and Pastimes(2007) Jenny
50%
Greetings from Imrie House(2005) Just the Girl
50%
Modern Minds and Pastimes(2007) Mary Jane
50%
Modern Minds and Pastimes(2007) Addicted to Me
0%
Modern Minds and Pastimes(2007) All I Need is You
0%
Modern Minds and Pastimes(Bonus)(2007) American Royalty
0%
Greetings from Imrie House(2005) Angel to You (Devil to Me)
0%
TCV(2010) Be in Love
0%
TCV(2010) Black Boots
0%
TCV(2010) Don't Let Me Go
0%
TCV(2010) Fever for Shakin
0%
Greetings from Imrie House(2005) Friday Night
0%
TCV(2010) Good as Gold
0%
Modern Minds and Pastimes(2007) Happy Birthday
0%
Modern Minds and Pastimes(2007) Headlight Disco
0%
Greetings from Imrie House(2005) I'll Take My Chances
0%
Modern Minds and Pastimes(2007) I'm Getting Over You
0%
TCV(2010) I Quit! I Quit! I Quit!
0%
TCV(2010) Just Like My Heart Falls
0%
Modern Minds and Pastimes(2007) Long Way to Go
0%
TCV(2010) Love Still Goes On
0%
TCV(Bonus)(2010) Love Time Space
0%
TCV(2010) Nobody's Business
0%
Greetings from Imrie House(2005) Pop Princess
0%
Greetings from Imrie House(2005) Resign
0%
Greetings from Imrie House(2005) Say Goodnight
0%
Modern Minds and Pastimes(Bonus)(2007) So It Goes
0%
Modern Minds and Pastimes(Bonus)(2007) Summertime
0%
Modern Minds and Pastimes(2007) The Reason Why
0%
TCV(2010) The Way It Goes
0%
TCV(2010) The World Comes Crawlin' Back
0%
Greetings from Imrie House(2005) Time Machine
0%
TCV(2010) Way Back to You
0%
Modern Minds and Pastimes(2007) When I'm Gone
0%
No matching quizzes found
Score Distribution
Percent of People with Each Score
Percentile by Number Answered
Your Score History
You have not taken this quiz